000 00919nam a2200289 i 4500
003 EG-GICUC
005 20260306100029.0
008 260220s1941 It |||fr |||| 000 0itae d
040 _aEG-GiCUC
_bita
_cEG-GiCUC
_dEG-GiCUC
_eRda
082 0 4 _221
_a341
_bRA . E
092 0 4 _221
099 _aLaw1 11 341 RA . E 1941
100 1 _aRaggi, Carlo Guido
_eAuthor.
245 1 2 _aL'efficacia Degli Atti Stranieri Di Volontaria Giurisdizione /
_cCarlo Guido Raggi.
_b
_n
264 1 _aMilano :
_bA .Giuffrè,
_c1941.
300 _a168page :
_billustration ;
_c 24 cm.
336 _2rda contenu
_a texte
337 _2rda medias
_aOrdinateur
338 _2 transporteur rda
_a Ressource en ligne
504 _a
546 _a Text in Italian
650 1 4 _aPublic international law
_2
651 1 _2
856 4 0 _uhttps://fll.law.cu.edu.eg/fulltext/bks/B11-06761.pdf
905 _a50
942 _2ddc
_cBK
_e21
_n0
999 _c63910
_d63910